Fulgor y muerte de Joaquín Murieta bandido chileno injusticiado en California el 23 de julio de 1853

Guardat en:
Dades bibliogràfiques
Autor principal: Neruda, Pablo (autor)
Format: Llibre
Idioma:espanyol
Publicat: Santiago Zig-Zag S. A 1967
Edició:1a. ed
Matèries:
Etiquetes: Afegir etiqueta
Sense etiquetes, Sigues el primer a etiquetar aquest registre!

MARC

LEADER 00000cam a2200000 a 4500
001 UCE2431
003 CL-VaPUC
008 140703e19670000cl |||||||||||||||||spa|d
082 0 4 |a Ch862  |b NER  |2 21 
100 |a Neruda, Pablo  |e autor  |9 306531 
245 1 0 |a Fulgor y muerte de Joaquín Murieta bandido chileno injusticiado en California el 23 de julio de 1853 
250 |a 1a. ed 
300 |a 96 p 
942 |c BK 
945 |d 20140703 14:09:00  |a dcastane 
260 |a Santiago  |b Zig-Zag S. A  |c 1967 
650 0 |a Dramas chilenos  |9 313819 
650 0 |a Teatro chileno  |9 266701 
650 0 |a Literatura chilena   |9 308278 
583 |a last modification  |c 20140703 14:09:00  |k Rodrigo Vera 
999 |c 356032  |d 356030 
952 |0 0  |1 0  |3 erd  |4 0  |6 CH_862_000000000000000_NER_1967  |7 0  |8 A  |9 463106  |a BIBEDU  |b BIBEDU  |i 504832K  |o Ch862 NER 1967  |p 504832K  |r 2019-11-23  |w 2019-11-23  |y BK  |z Catalogado en:20140703  |k LIT